| 000 | 01170 a2200229 4500 | ||
|---|---|---|---|
| 003 | Nust | ||
| 005 | 20230523125447.0 | ||
| 010 | _a 72095840 | ||
| 020 | _a082476045X | ||
| 040 | _cNust | ||
| 082 | 0 | 0 | _a029.954,COM |
| 100 | 1 |
_aArnett, Edward McC. _9112543 |
|
| 245 | 1 | 0 |
_aComputer-based chemical information / _cEdited by Edward McC. Arnett and Allen Kent. |
| 260 |
_aNew York, _bM. Dekker, _c1973. |
||
| 300 |
_a217 p. _billus. _c24 cm. |
||
| 440 | 0 |
_aBooks in library and information science, _vv. 4 _9112544 |
|
| 505 | _aThe Research Chemist and His Information Environment (Page-1), The Pittsburgh Chemical Information Center –Internal and External Interactions (Page-19), The User,S Information Systems an Evaluative Research Approach (Page-43), System Design ,Implementation and Evaluation (Page-83), Interactive Retrieval Systems (Page-125), Approach to the Economical Retrospective Machine –Searching of the Chemical Literature (Page-139). | ||
| 650 | 0 |
_aChemistry _xAbstracting and indexing _xData processing. _9112528 |
|
| 650 | 0 |
_aInformation storage and retrieval systems _xChemistry. _9112529 |
|
| 700 | 1 |
_aKent, Allen, _9112545 |
|
| 942 |
_2ddc _cBKB |
||
| 999 |
_c178932 _d178932 |
||